00616nam a2200169Ia 4500020001800000082002400018100001900042100001800061245009800079260004100177300000900218504002600227650003300253650004400286650003800330710007800368 a9789332704275 a381.149095475 DUT-S aDutta, Subrata aAlagh, Munish 0aSupermarket for rural customers: a study of a community-oriented social enterprise in Gujarat aNew DelhibAcademic Foundationc2017 a174p aincludes bibliography aSupermarketszIndiazGujarat aSocial entrepreneurshipzIndiazGujarat aRural developmentzIndiazGujarat aSardar Patel Institute of Economic and Social Science Research, Ahmedabad